Представление документа в формате MARC21

ПолеНазваниеЗначение
  Тип записи a
  Библиографический уровень m
001 Контрольный номер RU/URAIT/598819
005 Дата корректировки 20260429163618.8
008 Кодируемые данные 260429s2026 RU y f j 000 0 rus u
020 Индекс ISBN __
a ISBN 978-5-534-11727-1
c Цена, тираж 2449.00
040 Источник каталогиз. __
a Служба первич. каталог. ИКО Юрайт
c Служба, преобразующая запись ИКО Юрайт
e Правила каталог. RCR
041 Код языка издания __
a Код языка текста rus
044 Код страны публикации __
a Код страны публикации RU
080 Индекс УДК __
a Индекс УДК 325.1(075.8)
084 Индекс другой классификации/Индекс ББК __
2 Источник индекса rubbk
a Индекс другой классификации/Индекс ББК 60.7я73
100 Автор __
a Автор Рыбаковский Л. Л.
q Полное имя Рыбаковский Леонид Леонидович
245 Заглавие __
a Заглавие Миграция населения
b Продолж. заглавия учебник для вузов
c Ответственность Л. Л. Рыбаковский.
256 Характеристики компьютерного файла __
a Характеристики компьютерного файла Электрон. дан.
260 Выходные данные __
a Место издания Москва
b Издательство Юрайт
c Дата издания 2026
300 Физическое описание __
a Объем 480 с
440 Серия __
a Серия Высшее образование
500 Примечания __
a Примечание URL: https://urait.ru/bcode/598819 (дата обращения: 29.04.2026).
520 Аннотация __
a Аннотация Данная книга составлена из трех монографий, посвященных различным аспектам изучения миграции населения: истории мировых миграций, формированию терминологии и системы понятий, теории трех стадий миграционных процессов. В книге первой рассмотрены основные исторические факты перемещения народов как в мире в целом, так и на территории России и СССР. Во второй книге приведены анализ и авторская трактовка современной системы дефиниций и категроий, применяемых при изучении явления миграции. Третья книга содержит описание и историю создания теории трех стадий миграционных процессов.
538 Прим. о системных особенностях __
a Прим. о системных особенностях Режим доступа: Электронно-библиотечная система Юрайт, для авториз. пользователей
653 Ключевые слова __
a Ключевые слова Специальные социологические дисциплины
653 Ключевые слова __
a Ключевые слова Общественные науки
653 Ключевые слова __
a Ключевые слова Миграция населения
653 Ключевые слова __
a Ключевые слова Социология миграции
653 Ключевые слова __
a Ключевые слова Социология миграционных процессов
653 Ключевые слова __
a Ключевые слова Мигранты и миграционные процессы
856 Электронный адрес документа 40
n Местонахождение сервера Юрайт
g Электронная книга
q Тип электронного формата html
h Имя пользователя ЮРАЙТ
v Часы доступа к ресурсу 20271231
2 Способ доступа Показать документ
x Служебное примечание https://urait.ru/book/cover/471E37A5-4CA9-4598-B914-C984D90F4C9C
u URL https://urait.ru/bcode/598819
856 Электронный адрес документа 48
q Тип электронного формата cover
u URL https://urait.ru/book/cover/471E37A5-4CA9-4598-B914-C984D90F4C9C
911 __
u 0030=https://urait.ru/bcode/598819
911 __
u 073a=9785534117271
u 073d=2449.00
911 __
u 106a=s
911 __
u 900l=
952 Тип литературы __
i Дисциплина Миграция населения
952 Тип литературы __
i Дисциплина Социология миграции
952 Тип литературы __
i Дисциплина Социология миграционных процессов
952 Тип литературы __
i Дисциплина Мигранты и миграционные процессы